[Event "Mauricie op U2000"]
[Site "Trois-Rivieres CAN"]
[Date "2014.03.14"]
[Round "1"]
[White "Desjardins, Michel"]
[Black "Lafleche, Alain"]
[Result "0-1"]
[WhiteElo "1988"]
[BlackElo "1741"]
[PlyCount "72"]
[EventDate "2014.03.14"]
[EventType "swiss"]
[EventRounds "5"]
[EventCountry "CAN"]

1. e4 e5 2. Nc3 Nf6 3. Bc4 Nc6 4. d3 a6 5. f4 Bb4 6. Nf3 d6 7. O-O Bg4 8. Nd5
Bc5+ 9. Kh1 Nd4 10. fxe5 dxe5 11. Bg5 Qd6 12. Ne3 Nxf3 13. Nxg4 Nxg5 14. Rf5
Nxg4 15. Qxg4 Ne6 16. Raf1 Rf8 17. Bxe6 Qxe6 18. Qxg7 Bd6 19. Rf6 Qe7 20. Qxh7
O-O-O 21. Rxf7 Qg5 22. Rxf8 Bxf8 23. h4 Qd2 24. Qf5+ Kb8 25. Qf6 Rc8 26. Qxe5
Qh6 27. Qf4 Qh8 28. e5 Be7 29. g3 Rf8 30. Qc1 Rg8 31. Qe1 Qg7 32. Rg1 Qg4 33.
Rg2 Bxh4 34. Kh2 Bg5 35. Re2 Qf3 36. Kg1 Rh8 0-1

[Event "Mauricie op U2000"]
[Site "Trois-Rivieres CAN"]
[Date "2014.03.14"]
[Round "1"]
[White "Lamoureux, Yvon"]
[Black "Laplante, Sylvain"]
[Result "1/2-1/2"]
[WhiteElo "1609"]
[BlackElo "1801"]
[PlyCount "63"]
[EventDate "2014.03.14"]
[EventType "swiss"]
[EventRounds "5"]
[EventCountry "CAN"]

1. e4 e6 2. d4 d5 3. Nd2 c5 4. exd5 exd5 5. Ngf3 Nc6 6. dxc5 Bxc5 7. Nb3 Be7 8.
Be2 Nf6 9. O-O O-O 10. c3 Be6 11. Be3 Ne4 12. Nbd4 Qd7 13. h3 a6 14. Nd2 Nxd4
15. Bxd4 f5 16. Nf3 Bd6 17. Ne5 Qc7 18. f4 g5 19. g4 gxf4 20. gxf5 Bxf5 21. Nf3
Bxh3 22. Kh2 Bxf1 23. Bxf1 Rae8 24. Qb3 Qf7 25. Bh3 Re7 26. Rg1+ Ng3 27. Ng5
Re2+ 28. Rg2 Rxg2+ 29. Kxg2 f3+ 30. Kf2 Nh1+ 31. Kf1 Ng3+ 32. Kf2 1/2-1/2

[Event "Mauricie op U2000"]
[Site "Trois-Rivieres CAN"]
[Date "2014.03.14"]
[Round "1"]
[White "Larkin, Kevin"]
[Black "Gervais, Guillaume"]
[Result "1-0"]
[WhiteElo "1745"]
[BlackElo "1443"]
[PlyCount "61"]
[EventDate "2014.03.14"]
[EventType "swiss"]
[EventRounds "5"]
[EventCountry "CAN"]

1. e4 c5 2. Nf3 d6 3. d4 cxd4 4. Nxd4 Nf6 5. Nc3 a6 6. Be2 e6 7. O-O Be7 8. Be3
O-O 9. f4 Nbd7 10. Qe1 Qc7 11. Bf3 Rb8 12. Rd1 Re8 13. Qg3 Bf8 14. e5 dxe5 15.
fxe5 Nxe5 16. Kh1 Ra8 17. Bf4 Nfd7 18. Rfe1 Bd6 19. Ndb5 axb5 20. Nxb5 Qxc2 21.
Nxd6 Nxf3 22. Nxe8 g5 23. gxf3 Kf8 24. Bd6+ Kg8 25. Qxg5+ Qg6 26. Qh4 Rxa2 27.
Rg1 Rxb2 28. Rxg6+ fxg6 29. Qe7 Rxh2+ 30. Kxh2 h5 31. Qg7# 1-0

[Event "Mauricie op U2000"]
[Site "Trois-Rivieres CAN"]
[Date "2014.03.14"]
[Round "1"]
[White "Lemieux, Serge"]
[Black "Gerard, Patrice"]
[Result "1/2-1/2"]
[WhiteElo "1551"]
[BlackElo "1773"]
[PlyCount "103"]
[EventDate "2014.03.14"]
[EventType "swiss"]
[EventRounds "5"]
[EventCountry "CAN"]

1. d4 Nf6 2. e3 g6 3. c4 c5 4. Nf3 Bg7 5. Nc3 O-O 6. Rb1 d6 7. Bd3 Nc6 8. a3
Bg4 9. Be2 Qc8 10. O-O e5 11. d5 Ne7 12. e4 Bxf3 13. Bxf3 a6 14. Bg5 h6 15. Bd2
Nd7 16. Qc1 Kh7 17. Qc2 f5 18. Be2 f4 19. b4 b6 20. bxc5 bxc5 21. Bg4 Qc7 22.
Na4 Nf6 23. Be2 Rab8 24. Rxb8 Rxb8 25. Rb1 Nc8 26. f3 Nd7 27. Bd3 Bf6 28. Rxb8
Qxb8 29. Ba5 Ncb6 30. Nxb6 Nxb6 31. Qb3 Bd8 32. a4 Qa7 33. g4 Bc7 34. Be1 Nd7
35. h4 Bd8 36. Kh2 Kg7 37. Bf1 Kf6 38. Kh3 Kf7 39. Be2 Nf6 40. Kg2 Nd7 41. Kh3
Ke8 42. Bd1 Nf6 43. Qa2 Kf8 44. Qg2 g5 45. h5 Qb7 46. Qc2 Qd7 47. Kg2 Bc7 48.
Kf1 Qd8 49. Qd2 Nd7 50. a5 Nf6 51. Ba4 Qb8 52. Qc2 1/2-1/2

[Event "Mauricie op U2000"]
[Site "Trois-Rivieres CAN"]
[Date "2014.03.14"]
[Round "1"]
[White "Millette, Patrick"]
[Black "Morissette, Jean"]
[Result "0-1"]
[WhiteElo "1723"]
[BlackElo "1904"]
[PlyCount "64"]
[EventDate "2014.03.14"]
[EventType "swiss"]
[EventRounds "5"]
[EventCountry "CAN"]

1. c4 e6 2. g3 d5 3. d4 Nf6 4. Bg2 c6 5. Nf3 Bd6 6. O-O O-O 7. b3 Nbd7 8. Bb2
b6 9. Nbd2 Bb7 10. h3 Qe7 11. Ne5 Ba3 12. Qc1 Bxb2 13. Qxb2 Nxe5 14. dxe5 Nd7
15. e4 dxc4 16. Nxc4 Ba6 17. Rac1 Rfd8 18. Rfd1 Nc5 19. Nd6 Nd3 20. Rxd3 Bxd3
21. Rxc6 Ba6 22. Qc3 h6 23. Bf1 Bxf1 24. Kxf1 Rd7 25. Kg2 Rad8 26. h4 g5 27. h5
g4 28. f3 gxf3+ 29. Qxf3 Qg5 30. Qf4 Qxh5 31. Rc2 Qg5 32. Rd2 f6 0-1

[Event "Mauricie op U2000"]
[Site "Trois-Rivieres CAN"]
[Date "2014.03.14"]
[Round "1"]
[White "Vallieres, David"]
[Black "Autotte, Daniel"]
[Result "1-0"]
[WhiteElo "1883"]
[BlackElo "1705"]
[PlyCount "89"]
[EventDate "2014.03.14"]
[EventType "swiss"]
[EventRounds "5"]
[EventCountry "CAN"]

1. e4 c6 2. d4 d5 3. Nc3 dxe4 4. Nxe4 Nd7 5. Bd3 Ngf6 6. Nf3 Nxe4 7. Bxe4 Nf6
8. Bd3 Bg4 9. c3 e6 10. Bg5 Qc7 11. O-O Bd6 12. h3 Bh5 13. g4 Bg6 14. Bxg6 hxg6
15. Kg2 Nd5 16. c4 Nf4+ 17. Bxf4 Bxf4 18. Re1 O-O 19. Qe2 Rad8 20. Rad1 Rd7 21.
Qe4 Rfd8 22. Rd3 c5 23. Red1 cxd4 24. Nxd4 Qe5 25. Kf3 Qxe4+ 26. Kxe4 Bb8 27.
Nb3 f5+ 28. Ke3 Bf4+ 29. Ke2 Rxd3 30. Rxd3 Rxd3 31. Kxd3 Kf7 32. Na5 b6 33. Nc6
a5 34. c5 Bc7 35. cxb6 Bxb6 36. f4 Bc7 37. Ne5+ Ke8 38. Nxg6 Kf7 39. Ne5+ Ke7
40. g5 Kd6 41. h4 Kd5 42. Ng6 Bb6 43. h5 Bd4 44. b3 Bb2 45. h6 1-0

[Event "Mauricie op U2000"]
[Site "Trois-Rivieres CAN"]
[Date "2014.03.14"]
[Round "1"]
[White "Zumsteg, Nicolas"]
[Black "Vezina, Antoine"]
[Result "1-0"]
[WhiteElo "1674"]
[BlackElo "1823"]
[PlyCount "71"]
[EventDate "2014.03.14"]
[EventType "swiss"]
[EventRounds "5"]
[EventCountry "CAN"]

1. d4 Nf6 2. c4 g6 3. Nc3 Bg7 4. e4 d6 5. Nf3 O-O 6. h3 Na6 7. Bg5 Qe8 8. Bd3
e5 9. d5 Bd7 10. Rc1 h6 11. Be3 Nh7 12. Qd2 g5 13. O-O Nc5 14. Bc2 f5 15. exf5
Bxf5 16. b4 Nd7 17. Bxf5 Rxf5 18. Nb5 Ndf6 19. Nxc7 Qh5 20. Nxa8 g4 21. Nh2
gxh3 22. Qd1 Qg6 23. g3 Ne4 24. Qg4 Nhg5 25. Bxg5 Nxg5 26. f4 h5 27. Qe2 exf4
28. Rxf4 Rxf4 29. gxf4 Ne4+ 30. Ng4 hxg4 31. Re1 Bd4+ 32. Kh2 g3+ 33. Kxh3 Qh6+
34. Kg2 Qh2+ 35. Kf3 Qh5+ 36. Kxe4 1-0

[Event "Mauricie op U2000"]
[Site "Trois-Rivieres CAN"]
[Date "2014.03.15"]
[Round "2"]
[White "Ber, Alexandre"]
[Black "Bluteau, Yvon"]
[Result "0-1"]
[WhiteElo "1687"]
[BlackElo "1817"]
[PlyCount "44"]
[EventDate "2014.03.14"]
[EventType "swiss"]
[EventRounds "5"]
[EventCountry "CAN"]

1. d4 Nf6 2. c4 e6 3. Nf3 b6 4. g3 Bb7 5. Bg2 Be7 6. O-O O-O 7. Nc3 d5 8. Ne5
c6 9. e4 Nbd7 10. cxd5 cxd5 11. exd5 Nxd5 12. Nxd5 Bxd5 13. Bxd5 exd5 14. Nc6
Qc7 15. Nxe7+ Kh8 16. Bf4 Qb7 17. Rc1 Nf6 18. Rc7 Qa6 19. Be5 Ne8 20. Rc3 Qb7
21. Nf5 Qd7 22. Nh4 f6 0-1

[Event "Mauricie op U2000"]
[Site "Trois-Rivieres CAN"]
[Date "2014.03.15"]
[Round "2"]
[White "Dumont, Eric"]
[Black "Abran, David"]
[Result "0-1"]
[WhiteElo "1704"]
[BlackElo "1828"]
[PlyCount "90"]
[EventDate "2014.03.14"]
[EventType "swiss"]
[EventRounds "5"]
[EventCountry "CAN"]

1. d4 d5 2. Bf4 Nc6 3. Nf3 Nf6 4. e3 e6 5. Nbd2 Bd6 6. Bxd6 Qxd6 7. c3 e5 8.
dxe5 Nxe5 9. Qb3 O-O 10. Nxe5 Qxe5 11. Bd3 c5 12. Qa4 b6 13. Nf3 Qc7 14. Rc1
Bd7 15. Qa6 c4 16. Bb1 Rfe8 17. Nd4 Ng4 18. Rc2 Nxe3 19. fxe3 Rxe3+ 20. Re2
Rae8 21. O-O Rxe2 22. Nxe2 Rxe2 23. b4 Bh3 24. Rf2 Rxf2 25. Kxf2 Qxh2 26. Qxa7
Qxg2+ 27. Ke3 Qg1+ 28. Kd2 Qf2+ 29. Kc1 Qe3+ 30. Kb2 g6 31. Qa8+ Kg7 32. Qxd5
Bf1 33. Be4 h5 34. Qe5+ Kh6 35. Qh8+ Kg5 36. Qe5+ f5 37. Qe7+ Kg4 38. Bxf5+ Kf4
39. Qxe3+ Kxe3 40. Bxg6 h4 41. Bf5 h3 42. Bxh3 Bxh3 43. a4 Bd7 44. a5 b5 45. a6
Kd2 0-1

[Event "Mauricie op U2000"]
[Site "Trois-Rivieres CAN"]
[Date "2014.03.15"]
[Round "2"]
[White "Gerard, Patrice"]
[Black "Lamoureux, Yvon"]
[Result "0-1"]
[WhiteElo "1773"]
[BlackElo "1609"]
[PlyCount "60"]
[EventDate "2014.03.14"]
[EventType "swiss"]
[EventRounds "5"]
[EventCountry "CAN"]

1. e4 c5 2. Nc3 Nc6 3. Bb5 Nd4 4. Bc4 e6 5. f4 Ne7 6. Nf3 Nec6 7. O-O g6 8. d3
Bg7 9. a3 Rb8 10. f5 O-O 11. Bg5 Nxf3+ 12. Rxf3 Qxg5 13. Rg3 Qd8 14. Qd2 Nd4
15. Rf1 b5 16. Ba2 b4 17. Ne2 Nxe2+ 18. Qxe2 Bxb2 19. e5 Qc7 20. Qh5 Bxe5 21.
fxg6 fxg6 22. Rxf8+ Kxf8 23. Qh6+ Ke7 24. Qxh7+ Kd6 25. Rxg6 Ba6 26. Qf7 c4 27.
axb4 Qb6+ 28. Kh1 Qxb4 29. Qf2 cxd3 30. Rg5 d2 0-1

[Event "Mauricie op U2000"]
[Site "Trois-Rivieres CAN"]
[Date "2014.03.15"]
[Round "2"]
[White "Girouard, Michel"]
[Black "Beauchesne, Jonathan"]
[Result "1-0"]
[WhiteElo "1850"]
[BlackElo "1726"]
[PlyCount "81"]
[EventDate "2014.03.14"]
[EventType "swiss"]
[EventRounds "5"]
[EventCountry "CAN"]

1. Nf3 c5 2. c4 Nf6 3. g3 g6 4. Bg2 Bg7 5. Nc3 O-O 6. O-O Nc6 7. d3 d6 8. Rb1
Bg4 9. h3 Be6 10. a3 Qc8 11. Kh2 Re8 12. e4 Bd7 13. Bd2 h6 14. b4 cxb4 15. axb4
Kh7 16. b5 Nd8 17. Qb3 Qc5 18. Nd5 Nxd5 19. exd5 b6 20. Be3 Qc7 21. Bd4 f6 22.
Ra1 Nb7 23. Ra3 Nc5 24. Qa2 Bf5 25. Bxc5 dxc5 26. Ra1 g5 27. Bf1 Bg6 28. Rxa7
Rxa7 29. Qxa7 Qd6 30. Qb7 f5 31. Ra7 Bf6 32. Qc6 Rd8 33. Rb7 Be8 34. Qxb6 g4
35. hxg4 fxg4 36. Qxd6 Rxd6 37. Ne5 h5 38. Nc6 Bd7 39. Rc7 h4 40. b6 hxg3+ 41.
fxg3 1-0

[Event "Mauricie op U2000"]
[Site "Trois-Rivieres CAN"]
[Date "2014.03.15"]
[Round "2"]
[White "Lafleche, Alain"]
[Black "Bleau, John"]
[Result "0-1"]
[WhiteElo "1741"]
[BlackElo "1930"]
[PlyCount "57"]
[EventDate "2014.03.14"]
[EventType "swiss"]
[EventRounds "5"]
[EventCountry "CAN"]

1. e4 Nf6 2. e5 Nd5 3. d4 d6 4. c4 Nb6 5. exd6 cxd6 6. Nc3 g6 7. Be3 Bg7 8. f3
O-O 9. Qd2 Nc6 10. O-O-O e5 11. d5 Ne7 12. g4 f5 13. c5 dxc5 14. Bxc5 fxg4 15.
d6 Nf5 16. Kb1 Bd7 17. Bg2 Rc8 18. b4 Nh4 19. fxg4 Nxg2 20. Nd5 Nxd5 21. Ne2
Ngf4 22. Ng3 b6 23. Ne4 bxc5 24. bxc5 Bxg4 25. Rc1 Bf5 26. Rhe1 Nf6 27. Qc2
Nxe4 28. Qc4+ Be6 29. Qxe4 0-1

[Event "Mauricie op U2000"]
[Site "Trois-Rivieres CAN"]
[Date "2014.03.15"]
[Round "2"]
[White "Laplante, Sylvain"]
[Black "Lemieux, Serge"]
[Result "1-0"]
[WhiteElo "1801"]
[BlackElo "1551"]
[PlyCount "123"]
[EventDate "2014.03.14"]
[EventType "swiss"]
[EventRounds "5"]
[EventCountry "CAN"]

1. e4 e6 2. d4 d5 3. Nc3 Nf6 4. Bg5 Be7 5. e5 Nfd7 6. h4 a6 7. Qg4 h5 8. Qf4
Nf8 9. Bxe7 Qxe7 10. Bd3 Nc6 11. Nf3 Nb4 12. O-O-O Nxd3+ 13. Rxd3 Ng6 14. Qg3
Bd7 15. Ng5 O-O-O 16. f4 b5 17. f5 Nf8 18. f6 gxf6 19. exf6 Qe8 20. Re1 Bc6 21.
Rde3 Rd6 22. Nd1 Nd7 23. Nf2 Rh6 24. Nd3 Nxf6 25. Ne5 Ne4 26. Rxe4 dxe4 27.
Nexf7 Qf8 28. Nxd6+ cxd6 29. Nxe4 Bxe4 30. Rxe4 Rf6 31. Qc3+ Kd7 32. Re1 Rf2
33. d5 exd5 34. g3 Rf3 35. Qd4 Rf1 36. Qa7+ Kd8 37. Qb8+ Kd7 38. Qxf8 Rxf8 39.
Kd2 Rf5 40. Kd3 Re5 41. Rf1 Ke7 42. Rf4 Re1 43. g4 hxg4 44. Rxg4 Kf6 45. a4 Rh1
46. axb5 axb5 47. c3 Ke6 48. Rb4 Ke5 49. Ke3 Re1+ 50. Kd2 Re4 51. Rxb5 Rxh4 52.
Kc2 Rc4 53. b3 Rc5 54. Rb4 Ke6 55. Rh4 Kd7 56. Kd3 Rb5 57. b4 Kc6 58. Rh8 Rb7
59. Kd4 Rb5 60. Rh5 Kd7 61. Rxd5 Kc6 62. Rxb5 1-0

[Event "Mauricie op U2000"]
[Site "Trois-Rivieres CAN"]
[Date "2014.03.15"]
[Round "2"]
[White "Marcouiller, David"]
[Black "Duplessis, Jean-Roch"]
[Result "1-0"]
[WhiteElo "1640"]
[BlackElo "1756"]
[PlyCount "109"]
[EventDate "2014.03.14"]
[EventType "swiss"]
[EventRounds "5"]
[EventCountry "CAN"]

1. c4 d5 2. cxd5 Nf6 3. Nc3 Nxd5 4. g3 c6 5. Bg2 Nxc3 6. bxc3 Nd7 7. Nf3 g6 8.
Rb1 Bg7 9. a4 Qa5 10. Qc2 Nb6 11. Ra1 Nc4 12. Nd4 O-O 13. Nb3 Qh5 14. d3 Nd6
15. Ba3 Bh3 16. O-O Bxg2 17. Kxg2 Qe5 18. Nd4 Qd5+ 19. e4 Qa5 20. f4 Rfe8 21.
Bb4 Qc7 22. e5 Nf5 23. Nxf5 gxf5 24. d4 e6 25. Bd6 Qd7 26. c4 b6 27. Rab1 c5
28. dxc5 bxc5 29. Rb5 Bf8 30. Rd1 Qc6+ 31. Kg1 Qf3 32. Qd3 Qc6 33. Qb3 Red8 34.
Rxc5 Qb6 35. Qxb6 axb6 36. Rc6 Rxa4 37. Rd2 h5 38. Kg2 Kh7 39. Rb2 h4 40. Kh3
hxg3 41. hxg3 Kg6 42. Kg2 Bxd6 43. exd6 Kh5 44. Kf3 Ra3+ 45. Kf2 Kg4 46. Rcxb6
Rf3+ 47. Ke2 Rh8 48. Kd1 Rh1+ 49. Kc2 Rh2+ 50. Kb1 Rh1+ 51. Ka2 Rc3 52. Rc6 Rd1
53. Rb3 Rcc1 54. Ka3 Rd4 55. Kb4 1-0

[Event "Mauricie op U2000"]
[Site "Trois-Rivieres CAN"]
[Date "2014.03.15"]
[Round "2"]
[White "Mathieu, Guillaume"]
[Black "Keep, Richard"]
[Result "1-0"]
[WhiteElo "1820"]
[BlackElo "1557"]
[PlyCount "63"]
[EventDate "2014.03.14"]
[EventType "swiss"]
[EventRounds "5"]
[EventCountry "CAN"]

1. e4 c6 2. d3 d5 3. Nc3 d4 4. Nce2 e5 5. g3 Nf6 6. Bg2 c5 7. f4 Nc6 8. Nf3 Bd6
9. O-O Bg4 10. h3 Bxf3 11. Bxf3 Qc7 12. c3 O-O 13. cxd4 Nxd4 14. Nxd4 cxd4 15.
Bg2 Rac8 16. Rf2 b5 17. fxe5 Bxe5 18. Bf4 Rfe8 19. Rc1 Qe7 20. Rfc2 Rxc2 21.
Rxc2 h6 22. Qf3 Qe6 23. Bxe5 Qxe5 24. Qf4 Qe6 25. Rc7 Qxa2 26. e5 Nh7 27. Qxd4
Qb1+ 28. Kh2 Qe1 29. Qd7 Qxe5 30. Qxf7+ Kh8 31. d4 Qe6 32. Qxg7# 1-0

[Event "Mauricie op U2000"]
[Site "Trois-Rivieres CAN"]
[Date "2014.03.15"]
[Round "2"]
[White "Ouellet, Maili-Jade"]
[Black "Cummins, Paul"]
[Result "1-0"]
[WhiteElo "1693"]
[BlackElo "1822"]
[PlyCount "83"]
[EventDate "2014.03.14"]
[EventType "swiss"]
[EventRounds "5"]
[EventCountry "CAN"]

1. d4 Nf6 2. c4 e6 3. Nc3 d5 4. Bg5 Be7 5. e3 c6 6. Nf3 Nbd7 7. cxd5 exd5 8.
Bd3 Nh5 9. Bxe7 Qxe7 10. O-O Nhf6 11. Qc2 O-O 12. Rab1 c5 13. Rfd1 c4 14. Bf1
Nb6 15. Ne5 Ng4 16. Nxg4 Bxg4 17. Re1 Qf6 18. Qd2 Rad8 19. f3 Be6 20. Rbd1 Qg6
21. e4 dxe4 22. fxe4 f5 23. e5 f4 24. Qf2 Qe8 25. Be2 Qc6 26. Bf3 Nd5 27. Ne4
Bf5 28. Nc3 Be6 29. Ne4 Bf5 30. Ng5 h6 31. e6 Rde8 32. Re5 Qa4 33. b3 cxb3 34.
Bxd5 Rf6 35. Bxb3 Qb4 36. e7+ Kh8 37. Nf7+ Kh7 38. Rxf5 Rxf5 39. Bc2 g6 40.
Bxf5 gxf5 41. Qxf4 Qb6 42. Qxf5+ 1-0

[Event "Mauricie op U2000"]
[Site "Trois-Rivieres CAN"]
[Date "2014.03.15"]
[Round "2"]
[White "Simard, Francois"]
[Black "Chesnut, Walter"]
[Result "1-0"]
[WhiteElo "1703"]
[BlackElo "1591"]
[PlyCount "63"]
[EventDate "2014.03.14"]
[EventType "swiss"]
[EventRounds "5"]
[EventCountry "CAN"]

1. d4 d5 2. c4 c6 3. cxd5 cxd5 4. Nc3 Nf6 5. Nf3 e6 6. Bg5 Be7 7. e3 O-O 8. Bd3
Nc6 9. a3 a6 10. Qc2 h6 11. Bh4 Bd7 12. O-O b5 13. Rfc1 Rc8 14. Qe2 Na5 15. Nd2
Nc4 16. b4 Bc6 17. Nb3 Nd7 18. Bxe7 Qxe7 19. Nc5 Ra8 20. a4 Nxc5 21. dxc5 e5
22. e4 d4 23. Nd5 Bxd5 24. exd5 f5 25. Bxc4 bxc4 26. Rxc4 Rfd8 27. Rxd4 Qf6 28.
Rd2 e4 29. Rc1 Qg5 30. Rcd1 Rab8 31. Rd4 Qf6 32. d6 1-0

[Event "Mauricie op U2000"]
[Site "Trois-Rivieres CAN"]
[Date "2014.03.15"]
[Round "3"]
[White "Abran, David"]
[Black "Lafleche, Alain"]
[Result "1-0"]
[WhiteElo "1828"]
[BlackElo "1741"]
[PlyCount "72"]
[EventDate "2014.03.14"]
[EventType "swiss"]
[EventRounds "5"]
[EventCountry "CAN"]

1. c4 e5 2. Nc3 Nc6 3. g3 b6 4. Bg2 Bb7 5. d3 f5 6. Nf3 d6 7. O-O Nf6 8. Bd2
Qd7 9. a3 O-O-O 10. b4 e4 11. dxe4 fxe4 12. Ng5 Qe7 13. Ngxe4 Ne5 14. Nxf6 Bxg2
15. Nfd5 Bxd5 16. cxd5 g6 17. Nb5 a6 18. Nd4 Bg7 19. Rc1 Rd7 20. Qa4 Kb7 21.
Nc6 Qf7 22. f4 Ng4 23. e4 Re8 24. Rfe1 g5 25. h3 Nf6 26. b5 Ra8 27. bxa6+ Rxa6
28. Qb3 gxf4 29. Rc4 fxg3 30. Ra4 Nxe4 31. Be3 Rxa4 32. Qxa4 Qxd5 33. Qa7+ Kxc6
34. Qa8+ Kb5 35. Qxd5+ Nc5 36. Bxc5 bxc5 1-0

[Event "Mauricie op U2000"]
[Site "Trois-Rivieres CAN"]
[Date "2014.03.15"]
[Round "3"]
[White "Bluteau, Yvon"]
[Black "Zumsteg, Nicolas"]
[Result "0-1"]
[WhiteElo "1817"]
[BlackElo "1674"]
[PlyCount "132"]
[EventDate "2014.03.14"]
[EventType "swiss"]
[EventRounds "5"]
[EventCountry "CAN"]

1. Nf3 d5 2. c4 c6 3. cxd5 cxd5 4. d4 Nc6 5. g3 Qb6 6. Bg2 e6 7. O-O Nf6 8. Nc3
Bd6 9. Re1 O-O 10. Na4 Qd8 11. Bg5 h6 12. Bd2 b6 13. Rc1 Bb7 14. Qb3 Rc8 15.
Red1 Qe7 16. e3 Rc7 17. Rc2 Rfc8 18. Rdc1 Ba6 19. Bf1 Bxf1 20. Kxf1 Ne4 21. Be1
f5 22. Qb5 Nd8 23. Rxc7 Rxc7 24. Rxc7 Bxc7 25. Nc3 Nd6 26. Qa4 Bb8 27. Ne5 Qe8
28. Qxe8+ Nxe8 29. Nd7 Bd6 30. Nb5 Nc6 31. Nxd6 Nxd6 32. b3 Kf7 33. Ke2 Ke7 34.
Ne5 Nxe5 35. dxe5 Nf7 36. Bc3 g5 37. h4 gxh4 38. gxh4 Nd8 39. a4 Nc6 40. h5 Nb8
41. Kd3 Na6 42. Kd4 Kd7 43. b4 Nc7 44. b5 Ne8 45. Bb4 Ng7 46. Bf8 Nxh5 47. Bxh6
Ke8 48. Kc3 Kf7 49. Kb4 Ng7 50. Bg5 Ke8 51. Bf6 Nh5 52. Bg5 Ng7 53. Kc3 Kd7 54.
Kd4 Ne8 55. f3 Nc7 56. Bh4 a6 57. bxa6 Nxa6 58. e4 dxe4 59. fxe4 fxe4 60. Kc4
Kc6 61. Bf2 Nc7 62. Kd4 Nd5 63. Be1 e3 64. Kc4 Nf4 65. Bg3 e2 66. Kc3 Ng2 0-1

[Event "Mauricie op U2000"]
[Site "Trois-Rivieres CAN"]
[Date "2014.03.15"]
[Round "3"]
[White "Cummins, Paul"]
[Black "Saha, Ananda"]
[Result "1/2-1/2"]
[WhiteElo "1822"]
[BlackElo "1725"]
[PlyCount "53"]
[EventDate "2014.03.14"]
[EventType "swiss"]
[EventRounds "5"]
[EventCountry "CAN"]

1. e4 c5 2. Nf3 e6 3. d4 cxd4 4. Nxd4 a6 5. Be3 Nf6 6. Bd3 Nc6 7. O-O d5 8.
Nxc6 bxc6 9. exd5 cxd5 10. Bd4 Bd6 11. Re1 O-O 12. Nd2 Bb7 13. Qf3 Re8 14. Bxf6
Qxf6 15. Qxf6 gxf6 16. c4 Rac8 17. cxd5 Bxd5 18. Bxa6 Rc2 19. Ne4 Be5 20. Nc3
Rxb2 21. Nxd5 exd5 22. Rad1 Rxa2 23. Bd3 Rb8 24. Re2 Rxe2 25. Bxe2 Rb2 26. Kf1
d4 27. h3 1/2-1/2

[Event "Mauricie op U2000"]
[Site "Trois-Rivieres CAN"]
[Date "2014.03.15"]
[Round "3"]
[White "Girard, Sylvain"]
[Black "Marcouiller, David"]
[Result "0-1"]
[WhiteElo "1773"]
[BlackElo "1640"]
[PlyCount "68"]
[EventDate "2014.03.14"]
[EventType "swiss"]
[EventRounds "5"]
[EventCountry "CAN"]

1. e4 e6 2. d4 d5 3. Nc3 Bb4 4. Bd2 dxe4 5. Qg4 Qxd4 6. O-O-O Qe5 7. Bf4 h5 8.
Bxe5 hxg4 9. Bxg7 Rh7 10. Bd4 f5 11. Nge2 Nc6 12. Be3 Bd7 13. a3 Ba5 14. Na4
O-O-O 15. Nec3 Nge7 16. Bc4 e5 17. Nc5 Be8 18. Bd2 Nd4 19. b4 Bb6 20. N3a4 Bxa4
21. Nxa4 Rd6 22. Nxb6+ cxb6 23. b5 Nd5 24. c3 Rc7 25. Bxd5 Rxd5 26. a4 Ne2+ 27.
Kb2 Rd3 28. Bg5 Nxc3 29. Rxd3 exd3 30. Ka3 Ne4 31. Bh4 d2 32. Kb2 Rh7 33. Bg3
f4 34. Bxf4 exf4 0-1

[Event "Mauricie op U2000"]
[Site "Trois-Rivieres CAN"]
[Date "2014.03.15"]
[Round "3"]
[White "Lamoureux, Yvon"]
[Black "Girouard, Michel"]
[Result "0-1"]
[WhiteElo "1609"]
[BlackElo "1850"]
[PlyCount "110"]
[EventDate "2014.03.14"]
[EventType "swiss"]
[EventRounds "5"]
[EventCountry "CAN"]

1. e4 c6 2. d4 d5 3. Nc3 dxe4 4. Nxe4 Nd7 5. Nf3 Ngf6 6. Ng3 e6 7. Bd3 Be7 8.
O-O O-O 9. Ne5 c5 10. c3 Qb6 11. Kh1 Rd8 12. Nxd7 Bxd7 13. dxc5 Qxc5 14. Qe2
Bc6 15. f3 Rd7 16. Be3 Qa5 17. Bc4 Rad8 18. Rfd1 a6 19. Rxd7 Rxd7 20. Rd1 Qd8
21. Rxd7 Qxd7 22. Qd3 Qxd3 23. Bxd3 Nd5 24. Bd4 Bg5 25. Kg1 Bc1 26. c4 Ne3 27.
b4 b5 28. cxb5 Bxb5 29. Bxb5 axb5 30. Ne2 Nc2 31. Nxc1 Nxd4 32. Kf2 Kf8 33. Nd3
Ke7 34. Ke3 Nc6 35. Kd2 Kd6 36. Kc3 e5 37. Kb3 Kd5 38. a4 Nd4+ 39. Ka3 bxa4 40.
Kxa4 f5 41. Ka5 e4 42. fxe4+ fxe4 43. Ne1 Kc4 44. g3 Nc6+ 45. Kb6 Nxb4 46. Kc7
e3 47. Kd6 e2 48. Ke6 Nd3 49. Ng2 Kd4 50. h4 Ke4 51. g4 Kf3 52. Ne1+ Nxe1 53.
Kf7 Nd3 54. Kxg7 e1=Q 55. Kxh7 Qxh4+ 0-1

[Event "Mauricie op U2000"]
[Site "Trois-Rivieres CAN"]
[Date "2014.03.15"]
[Round "3"]
[White "Laplante, Sylvain"]
[Black "Jobin, Rock"]
[Result "1-0"]
[WhiteElo "1801"]
[BlackElo "1652"]
[PlyCount "79"]
[EventDate "2014.03.14"]
[EventType "swiss"]
[EventRounds "5"]
[EventCountry "CAN"]

1. e4 c5 2. Nf3 a6 3. d4 cxd4 4. Nxd4 e5 5. Nb3 Nf6 6. Bg5 Be7 7. Bxf6 Bxf6 8.
Nc3 d6 9. a4 Be6 10. Nd5 Nc6 11. a5 Bxd5 12. Qxd5 Qc7 13. c3 O-O 14. Nd2 Ne7
15. Qb3 Bg5 16. Nf3 Bh6 17. Bd3 Kh8 18. h4 g6 19. Ng5 Bxg5 20. hxg5 f6 21. Qe6
fxg5 22. f3 Kg7 23. Qh3 Rh8 24. Qh6+ Kf7 25. Qxg5 Raf8 26. Ra4 Ke8 27. Kd1 Qd7
28. Rc4 Nc6 29. b4 d5 30. exd5 Qxd5 31. Kc2 Kf7 32. Rd1 Qe6 33. Qe3 Kg7 34. Kb2
Re8 35. Rh4 Qf6 36. Qh6+ Kf7 37. Bc4+ Ke7 38. Re4 Rd8 39. Rde1 Rd2+ 40. Qxd2
1-0

[Event "Mauricie op U2000"]
[Site "Trois-Rivieres CAN"]
[Date "2014.03.15"]
[Round "3"]
[White "Ouellet, Maili-Jade"]
[Black "Morissette, Jean"]
[Result "1-0"]
[WhiteElo "1693"]
[BlackElo "1904"]
[PlyCount "91"]
[EventDate "2014.03.14"]
[EventType "swiss"]
[EventRounds "5"]
[EventCountry "CAN"]

1. d4 d5 2. c4 e6 3. Nc3 Be7 4. Nf3 Nf6 5. Bg5 O-O 6. e3 h6 7. Bh4 b6 8. cxd5
exd5 9. Bd3 Bb7 10. O-O Nbd7 11. Rc1 c5 12. Ne2 c4 13. Bb1 b5 14. Nd2 Re8 15.
f3 Bf8 16. Bf2 g6 17. Ng3 h5 18. Re1 Bh6 19. Ngf1 a5 20. e4 dxe4 21. fxe4 Ng4
22. Bg3 Ndf6 23. d5 Qb6+ 24. Kh1 Nf2+ 25. Bxf2 Qxf2 26. a4 Qb6 27. h3 Rac8 28.
Rc3 Ba6 29. axb5 Bxb5 30. Nf3 Bg7 31. e5 Nxd5 32. Qxd5 Bc6 33. Qd2 Bf8 34. e6
Bb4 35. exf7+ Kxf7 36. Qf4+ Kg7 37. Ng5 Bxg2+ 38. Kxg2 Rxe1 39. Qf7+ Kh6 40.
Qh7+ Kxg5 41. h4+ Kxh4 42. Rh3+ Kg5 43. Rg3+ Kh4 44. Rh3+ Kg5 45. Rxh5+ gxh5
46. Qg7+ 1-0